Sociología de la familia y del matrimonio

Saved in:
Bibliografiske detaljer
Hovedforfatter: Michel, Andrée (autor)
Format: Bog
Sprog:spansk
Udgivet: Barcelona Ediciones Península 1974
Udgivelse:1a. ed
Serier:Universitaria Historia-Ciencia-Sociedad, 109
Fag:
Tags: Tilføj Tag
Ingen Tags, Vær først til at tagge denne postø!

MARC

LEADER 00000cam a2200000 a 4500
001 UCC9276
003 CL-VaPUC
008 190914e19740000sp |||||||||||||||||spa|d
020 |a 8429709819 
082 0 4 |a 306.85  |b MIC  |2 21 
100 |a Michel, Andrée  |e autor  |9 496600 
245 1 0 |a Sociología de la familia y del matrimonio 
250 |a 1a. ed 
300 |a 193 p 
942 |c BK 
945 |d 20190914 23:07:00  |a dcastane 
260 |a Barcelona  |b Ediciones Península  |c 1974 
650 0 |a Familias   |9 255641 
650 0 |a Grupos sociales  |9 268887 
650 0 |a Sociología de la familia  |9 466693 
650 7 |a PLANIFICACION FAMILIAR  |2 CL-VaPUC  |9 309893 
583 |a last modification  |c 20190914 23:07:00  |k Rodrigo Vera 
490 0 |a Universitaria Historia-Ciencia-Sociedad, 109 
999 |c 375469  |d 375467 
952 |0 0  |1 0  |3 erb  |4 0  |6 306_850000000000000_MIC_1974  |7 0  |8 ?  |9 494454  |a BIBEDU  |b BIBEDU  |i 5600820  |l 1  |o 306.85 MIC 1974  |p 5600820  |r 2024-04-03  |s 2024-04-03  |w 2019-11-24  |y BK  |z Catalogado en:20190914  |k EBA